[Event "Dortmund op"]
[Site "Dortmund"]
[Date "2006.03.21"]
[Round "8.23"]
[White "Schaefer, Ulrich"]
[Black "Noori, Mir Ahmad"]
[Result "0-1"]
[WhiteElo "1412"]
[BlackElo "1639"]
[PlyCount "60"]
[EventDate "2006.03.06"]
[EventType "swiss"]
[EventRounds "9"]
[EventCountry "GER"]
[SourceTitle "CBM 111 Extra"]
[Source "ChessBase"]
[SourceDate "2006.05.09"]
[SourceVersion "1"]
[SourceVersionDate "2006.05.09"]
[SourceQuality "1"]

1. e4 e6 2. Nf3 g6 3. d4 Bg7 4. Nc3 a6 5. Be3 Ne7 6. e5 Nbc6 7. Qd2 h6 8. Bd3 d6 9. Bf4 Nb4 10. Ne4 Nxd3+ 11. Qxd3 d5 12. Nf6+ Bxf6 13. exf6 Ng8 14. Be5 Nxf6 15. Nh4 Rg8 16. Qf3 Nd7 17. Qe3 Qxh4 18. 0-0-0 Nxe5 19. dxe5 Qg5 20. f4 Qxg2 21. Qc5 c6 22. Qd6 Qe4 23. Rhf1 Qe3+ 24. Kb1 Qb6 25. h4 Qd8 26. Qc5 h5 27. Qf2 Bd7 28. Qg3 Qe7 29. f5 exf5 30. e6 Bxe6 0-1

[Event "Dortmund op"]
[Site "Dortmund"]
[Date "2006.03.20"]
[Round "7.16"]
[White "Noori, Mir Ahmad"]
[Black "Buechle, Manfred"]
[Result "0-1"]
[WhiteElo "1639"]
[BlackElo "1908"]
[PlyCount "85"]
[EventDate "2006.03.06"]
[EventType "swiss"]
[EventRounds "9"]
[EventCountry "GER"]
[SourceTitle "CBM 111 Extra"]
[Source "ChessBase"]
[SourceDate "2006.05.09"]
[SourceVersion "1"]
[SourceVersionDate "2006.05.09"]
[SourceQuality "1"]

1. d4 d5 2. e3 e6 3. Nf3 Nf6 4. Nbd2 c5 5. c3 Nc6 6. Be2 Bd6 7. b3 0-0 8. 0-0 Qc7 9. Bb2 Ne4 10. Rc1 f5 11. dxc5 Bxc5 12. c4 Bd6 13. cxd5 exd5 14. a3 Be6 15. b4 a6 16. Nb3 f4 17. exf4 Bxf4 18. Rc2 Rad8 19. Nbd4 Qd6 20. Nxc6 bxc6 21. Bd4 Bg4 22. h3 Bd7 23. Qa1 Qh6 24. Be3 Bxe3 25. fxe3 Qxe3+ 26. Kh1 Ng3+ 27. Kh2 Nxe2 28. Qe1 Qf4+ 29. g3 Qh6 30. Rxe2 Qxh3+ 31. Kg1 Rfe8 32. Rxe8+ Rxe8 33. Qf2 Rf8 34. Qh2 Qxh2+ 35. Nxh2 Rxf1+ 36. Nxf1 Kf7 37. Kf2 Kf6 38. Kf3 h5 39. Ne3 Bf5 40. Kf4 g5+ 41. Kf3 Ke5 42. Ke2 Be4 43. Kf2 0-1

[Event "Essen op04"]
[Site "Essen"]
[Date "2005.04.19"]
[Round "8"]
[White "Noori, Mir Ahmad"]
[Black "Goertz, Hans Georg"]
[Result "1/2-1/2"]
[WhiteElo "1622"]
[BlackElo "1766"]
[PlyCount "130"]
[EventDate "2005.04.04"]
[EventType "swiss"]
[EventRounds "9"]
[EventCountry "GER"]
[SourceTitle "EXT 2007"]
[Source "ChessBase"]
[SourceDate "2006.11.23"]
[SourceVersion "1"]
[SourceVersionDate "2006.11.23"]
[SourceQuality "1"]

1. d4 Nf6 2. e3 g6 3. Nf3 Bg7 4. Be2 0-0 5. 0-0 d6 6. Nbd2 Nbd7 7. b3 e5 8. dxe5 dxe5 9. Bb2 e4 10. Nd4 a6 11. c4 Re8 12. Rb1 c5 13. Nc2 Qc7 14. Qc1 Ne5 15. Rd1 Bg4 16. Bxe5 Qxe5 17. Bxg4 Nxg4 18. Nf1 Qf5 19. Qd2 Rad8 20. Qe2 Rd6 21. Ne1 Rxd1 22. Rxd1 Ne5 23. Ng3 Qg4 24. Rd5 Qxe2 25. Nxe2 Bf8 26. Nc3 Nc6 27. Nc2 f5 28. Kf1 Kf7 29. Ke2 Ke6 30. Rd1 Rd8 31. Nd5 b5 32. Nc7+ Ke7 33. cxb5 axb5 34. Rxd8 Kxd8 35. Nxb5 Kd7 36. Nba3 Ne5 37. h3 Nd3 38. Kd2 Nxf2 39. Nc4 Nd3 40. a3 Kc6 41. Ne1 Nxe1 42. Kxe1 Bg7 43. Kd2 Bf6 44. g4 Kd5 45. a4 Kc6 46. Ke2 Bh4 47. gxf5 gxf5 48. Kd2 Bg3 49. Kc3 Kd5 50. Kd2 f4 51. exf4 Bxf4+ 52. Ke2 Kd4 53. a5 Kd5 54. Ne3+ Kc6 55. h4 Kb5 56. Nc4 h5 57. Kf2 Kb4 58. a6 Bb8 59. Ne5 Kb5 60. Ke3 Kxa6 61. Kxe4 Kb5 62. Nd3 Bg3 63. Kf5 Bxh4 64. Kg6 Be7 65. Kxh5 Kc6 1/2-1/2

[Event "Dortmund-ch"]
[Site "Dortmund"]
[Date "2004.03.19"]
[Round "9"]
[White "Volmer, Martin"]
[Black "Noori, Mir Ahmad"]
[Result "1-0"]
[WhiteElo "1779"]
[BlackElo "1553"]
[PlyCount "101"]
[EventDate "2004.03.01"]
[EventType "swiss"]
[EventRounds "9"]
[EventCountry "GER"]
[SourceTitle "EXT 2006"]
[Source "ChessBase"]
[SourceDate "2005.11.24"]
[SourceVersion "1"]
[SourceVersionDate "2005.11.24"]
[SourceQuality "1"]

1. d4 e6 2. c4 d6 3. Nc3 g6 4. e4 Bg7 5. f4 Ne7 6. Nf3 c6 7. Be3 d5 8. cxd5 cxd5 9. e5 Nf5 10. Bf2 a6 11. Bd3 Ne7 12. 0-0 0-0 13. Rc1 b5 14. b4 Bd7 15. Qb3 Qb6 16. a4 bxa4 17. Nxa4 Bxa4 18. Qxa4 Nbc6 19. b5 axb5 20. Qxb5 Qxb5 21. Bxb5 Rfc8 22. Rc5 Na7 23. Ba6 Rxc5 24. dxc5 Nac6 25. Bb7 Rb8 26. Bxc6 Nxc6 27. Ra1 Bf8 28. g3 Rc8 29. Rb1 Na5 30. Rb5 Nc4 31. Kf1 h6 32. h4 Ra8 33. c6 Rc8 34. Nd4 Be7 35. Rb7 Bc5 36. c7 Kg7 37. Nb5 Nd2+ 38. Ke2 Bxf2 39. Kxf2 Ne4+ 40. Kg2 Nc5 41. Rb8 Rxc7 42. Nxc7 Ne4 43. Ne8+ Kh7 44. Nd6 g5 45. Nxe4 dxe4 46. hxg5 hxg5 47. Kf2 Kg6 48. Ke3 gxf4+ 49. gxf4 Kf5 50. Rf8 Kg6 51. Kxe4 1-0

[Event "Dortmund4"]
[Site "Dortmund"]
[Date "2003.05.14"]
[Round "9"]
[White "Noori, Mir Ahmad"]
[Black "Schneider, Peter"]
[Result "1/2-1/2"]
[WhiteElo "1593"]
[BlackElo "1722"]
[PlyCount "171"]
[EventDate "2003.03.28"]
[EventType "tourn"]
[EventRounds "11"]
[EventCountry "GER"]
[SourceTitle "EXT 2007"]
[Source "ChessBase"]
[SourceDate "2006.11.23"]
[SourceVersion "1"]
[SourceVersionDate "2006.11.23"]
[SourceQuality "1"]

1. d4 d5 2. b3 c5 3. Bb2 cxd4 4. Bxd4 Nc6 5. Bb2 e5 6. e3 Be6 7. Nf3 Bd6 8. g3 Nf6 9. Bg2 Qd7 10. h3 Rc8 11. a3 0-0 12. Nbd2 Rfe8 13. Rc1 b5 14. Kf1 Rc7 15. Kg1 Rec8 16. c3 Qe7 17. b4 Bf5 18. Qe2 a6 19. Kh2 e4 20. Nd4 Be6 21. N2b3 Ne5 22. a4 bxa4 23. Na5 Nd3 24. Rc2 Nxb2 25. Rxb2 Rxc3 26. Qxa6 a3 27. Ra2 Bxb4 28. Nac6 Qd6 29. Nxb4 Qxb4 30. Rha1 Qc4 31. Qd6 Qc7 32. Qa6 Bd7 33. Rxa3 Rxa3 34. Rxa3 Qc5 35. Qa5 Qxa5 36. Rxa5 Kf8 37. g4 h6 38. Bf1 Ne8 39. Rxd5 Nf6 40. Re5 Bxg4 41. Kg3 Bd1 42. Ba6 Ra8 43. Bb7 Rb8 44. Bxe4 Nh5+ 45. Kg2 Re8 46. Rxe8+ Kxe8 47. Nf5 Kf8 48. Bd5 Nf6 49. Bc4 Ne4 50. f3 Nd2 51. Bd5 Bb3 52. Bb7 Nc4 53. Kf2 Bc2 54. Nd4 Nd6 55. Bd5 Bf5 56. Kg3 Bd7 57. e4 Nb5 58. Ne2 Ke7 59. Nf4 Nc3 60. Bc4 g5 61. Ng2 f6 62. h4 f5 63. exf5 Bxf5 64. Ne3 Bd7 65. Nd5+ Nxd5 66. Bxd5 Kf6 67. Be4 Be6 68. Bc6 gxh4+ 69. Kxh4 Kf5 70. Kg3 Bc4 71. Be4+ Kg5 72. f4+ Kf6 73. Kh4 Bf7 74. Kg3 Be6 75. Bf3 Bf7 76. Bg4 Bg6 77. Kf3 Bb1 78. Ke3 Bc2 79. Kd4 Bb1 80. Ke3 Bc2 81. Kf2 Bb1 82. Kg3 Bc2 83. Kh4 Bg6 84. Bc8 Bc2 85. Kh5 Bd3 86. Kxh6 1/2-1/2

[Event "Dortmund4"]
[Site "Dortmund"]
[Date "2003.04.02"]
[Round "2"]
[White "Kirchdoerfer, Jan"]
[Black "Noori, Mir Ahmad"]
[Result "1-0"]
[WhiteElo "1743"]
[BlackElo "1593"]
[PlyCount "121"]
[EventDate "2003.03.28"]
[EventType "tourn"]
[EventRounds "11"]
[EventCountry "GER"]
[SourceTitle "EXT 2007"]
[Source "ChessBase"]
[SourceDate "2006.11.23"]
[SourceVersion "1"]
[SourceVersionDate "2006.11.23"]
[SourceQuality "1"]

1. e4 e6 2. d4 g6 3. Be3 Bg7 4. Qd2 h6 5. Nc3 Ne7 6. 0-0-0 b6 7. Bc4 d6 8. f3 a6 9. Nge2 Nd7 10. Nf4 Nf8 11. Rhe1 Bd7 12. Bb3 b5 13. a4 Qb8 14. Kb1 Qb7 15. Nd3 Rb8 16. e5 Nf5 17. Bf2 bxa4 18. Nxa4 Bb5 19. exd6 cxd6 20. Nc3 Nd7 21. Nf4 0-0 22. g4 Ne7 23. Nxe6 fxe6 24. Nxb5 Qxb5 25. Rxe6 Nd5 26. Rxd6 N7f6 27. g5 hxg5 28. Qxg5 Rfd8 29. Rxd8+ Rxd8 30. Qxg6 Qe8 31. Qg5 Qh5 32. Qxh5 Nxh5 33. c4 Nb4 34. d5 Be5 35. Rg1+ Ng7 36. Bg3 Bd4 37. Rg2 Kf8 38. Bc2 Rd7 39. d6 Bc5 40. Ba4 Rxd6 41. Bxd6+ Bxd6 42. Bd7 Kf7 43. h4 Kf6 44. Bg4 Be5 45. Rd2 Ne6 46. Bxe6 Kxe6 47. Rg2 Kf5 48. h5 Bf4 49. b3 Nd3 50. Rg6 a5 51. Ra6 Be5 52. h6 Kf4 53. Rxa5 Kxf3 54. h7 Bg7 55. Ra8 Ke4 56. h8Q Bxh8 57. Rxh8 Kd4 58. Rd8+ Kc3 59. Rxd3+ Kxd3 60. c5 Kc3 61. c6 1-0

[Event "Dortmund3"]
[Site "Dortmund"]
[Date "2002.04.17"]
[Round "3"]
[White "Dekhtyaryuk, Dimitri"]
[Black "Noori, Mir Ahmad"]
[Result "1-0"]
[WhiteElo "1635"]
[BlackElo "1719"]
[PlyCount "65"]
[EventDate "2002.04.12"]
[EventType "tourn"]
[EventRounds "11"]
[EventCountry "GER"]
[SourceTitle "EXT 2007"]
[Source "ChessBase"]
[SourceDate "2006.11.23"]
[SourceVersion "1"]
[SourceVersionDate "2006.11.23"]
[SourceQuality "1"]

1. e4 e6 2. Nf3 d6 3. d4 Be7 4. Nc3 Nf6 5. Be3 a6 6. Qd2 b5 7. 0-0-0 Bb7 8. e5 Nd5 9. exd6 cxd6 10. Bd3 Nd7 11. h4 Rc8 12. Ne2 N7b6 13. Bg5 h6 14. Bxe7 Qxe7 15. Nf4 Nc4 16. Bxc4 Rxc4 17. b3 Rc8 18. Nxd5 Bxd5 19. Rh3 Bxf3 20. gxf3 d5 21. Kb2 b4 22. Rg1 f5 23. Rhg3 Rg8 24. Rg6 Kf8 25. Rxh6 a5 26. Rhg6 Kf7 27. h5 Qc7 28. Qe2 Rce8 29. Qe3 Qh2 30. Qg5 e5 31. Rxg7+ Rxg7 32. Qxg7+ Ke6 33. Rg6# 1-0

[Event "Dortmund3"]
[Site "Dortmund"]
[Date "2002.04.12"]
[Round "1"]
[White "Benke, Werner"]
[Black "Noori, Mir Ahmad"]
[Result "1-0"]
[WhiteElo "1635"]
[BlackElo "1643"]
[PlyCount "83"]
[EventDate "2002.04.12"]
[EventType "tourn"]
[EventRounds "11"]
[EventCountry "GER"]
[SourceTitle "EXT 2007"]
[Source "ChessBase"]
[SourceDate "2006.11.23"]
[SourceVersion "1"]
[SourceVersionDate "2006.11.23"]
[SourceQuality "1"]

1. e4 e6 2. d4 d6 3. Nf3 g6 4. Bd3 Bg7 5. 0-0 Ne7 6. c3 0-0 7. Be3 c6 8. Qd2 Nd7 9. Bh6 a6 10. Bxg7 Kxg7 11. Qf4 Nf6 12. Nbd2 Nfg8 13. Nc4 d5 14. Ncd2 b5 15. Nb3 Ra7 16. Nc5 Qc7 17. Qe3 h6 18. h3 a5 19. a3 Nf6 20. Ne5 dxe4 21. Nxe4 Nxe4 22. Bxe4 f5 23. Bc2 a4 24. Nd3 Nd5 25. Qe5+ Qxe5 26. Nxe5 Rc7 27. Nd3 Re8 28. Rfe1 Rce7 29. Re2 Kf6 30. Rae1 Bb7 31. g3 g5 32. f3 h5 33. Kf2 Bc8 34. Re5 Rh8 35. R5e2 h4 36. g4 f4 37. Re5 Ne3 38. Bb1 Ree8 39. Rc5 Bb7 40. Kg1 Rc8 41. Nf2 Rhg8 42. Ne4+ 1-0

[Event "Dortmund ABC Besserkoenner 16th"]
[Site "Dortmund"]
[Date "2001.11.14"]
[Round "7"]
[White "Gerke, Dieter"]
[Black "Noori, Mir Ahmad"]
[Result "0-1"]
[WhiteElo "1481"]
[BlackElo "1626"]
[PlyCount "80"]
[EventDate "2001.??.??"]
[EventType "tourn"]
[EventRounds "11"]
[EventCountry "GER"]
[SourceTitle "EXT 2003"]
[Source "ChessBase"]
[SourceDate "2002.11.25"]
[SourceVersion "1"]
[SourceVersionDate "2002.11.25"]
[SourceQuality "1"]

1. d4 d6 2. e4 e6 3. Nf3 g6 4. Bg5 Be7 5. Bxe7 Qxe7 6. Bd3 Nd7 7. 0-0 h5 8. Nbd2 a6 9. Re1 b6 10. Nc4 Bb7 11. d5 e5 12. b4 Ngf6 13. Ne3 Nh7 14. c4 Ng5 15. Rc1 a5 16. a3 Nxf3+ 17. Qxf3 axb4 18. axb4 Ra3 19. Nc2 Ra8 20. Ra1 0-0 21. Na3 Rfc8 22. Nb5 Qd8 23. Ra7 Rxa7 24. Nxa7 Ra8 25. Nb5 Ba6 26. Nc3 Kg7 27. Qe3 Qe7 28. Ra1 Qf8 29. Rf1 Nf6 30. h3 Qe7 31. f4 exf4 32. Qxf4 Nh7 33. Ne2 Bb7 34. Nd4 Re8 35. Nf3 Bc8 36. e5 dxe5 37. Nxe5 f5 38. Re1 Qxb4 39. Qg3 g5 40. Nc6 Qxe1+ 0-1

[Event "Dortmund ABC Besserkoenner 16th"]
[Site "Dortmund"]
[Date "2001.10.17"]
[Round "2"]
[White "Noori, Mir Ahmad"]
[Black "Benke, Werner"]
[Result "0-1"]
[WhiteElo "1626"]
[BlackElo "1644"]
[PlyCount "59"]
[EventDate "2001.??.??"]
[EventType "tourn"]
[EventRounds "11"]
[EventCountry "GER"]
[SourceTitle "EXT 2003"]
[Source "ChessBase"]
[SourceDate "2002.11.25"]
[SourceVersion "1"]
[SourceVersionDate "2002.11.25"]
[SourceQuality "1"]

1. d4 d5 2. e3 Nf6 3. b3 e6 4. Bb2 Be7 5. Nd2 Nbd7 6. Ngf3 0-0 7. Be2 b6 8. 0-0 c5 9. c4 Bb7 10. a3 Ne4 11. dxc5 Nxd2 12. Nxd2 Nxc5 13. Bf3 Nd3 14. Bc3 Bf6 15. Bxf6 Qxf6 16. cxd5 Ne5 17. dxe6 Nxf3+ 18. Nxf3 Qxe6 19. b4 Rad8 20. Nd4 Qg6 21. f3 Rde8 22. Qb3 Rd8 23. Rad1 Bd5 24. Qc3 Rc8 25. Qd2 Bc4 26. Rfe1 b5 27. e4 Rfd8 28. Qe3 h6 29. Nf5 Rxd1 30. Rxd1 0-1

[Event "Dortmund ABC Besserkoenner 16th"]
[Site "Dortmund"]
[Date "2001.10.12"]
[Round "1"]
[White "Noori, Mir Ahmad"]
[Black "Voeller, Lothar"]
[Result "1/2-1/2"]
[WhiteElo "1626"]
[BlackElo "1612"]
[PlyCount "44"]
[EventDate "2001.??.??"]
[EventType "tourn"]
[EventRounds "11"]
[EventCountry "GER"]
[SourceTitle "EXT 2003"]
[Source "ChessBase"]
[SourceDate "2002.11.25"]
[SourceVersion "1"]
[SourceVersionDate "2002.11.25"]
[SourceQuality "1"]

1. d4 d5 2. Nf3 Nf6 3. b3 Bg4 4. e3 e6 5. Be2 Bd6 6. Bb2 Nbd7 7. Nbd2 c5 8. 0-0 0-0 9. c4 h6 10. Rc1 Rc8 11. a3 b6 12. dxc5 Nxc5 13. b4 Nce4 14. cxd5 Rxc1 15. Qxc1 Nxd2 16. Qxd2 Nxd5 17. Nd4 Bxe2 18. Qxe2 Qh4 19. g3 Qe4 20. Rc1 Be5 21. Qc2 Qxc2 22. Rxc2 Re8 1/2-1/2

[Event "Dortmund3"]
[Site "Dortmund"]
[Date "2001.06.16"]
[Round "11"]
[White "Noori, Mir Ahmad"]
[Black "Dekhtyaryuk, Dimitri"]
[Result "1/2-1/2"]
[WhiteElo "1608"]
[BlackElo "1680"]
[PlyCount "125"]
[EventDate "2001.04.27"]
[EventType "tourn"]
[EventRounds "11"]
[EventCountry "GER"]
[SourceTitle "EXT 2007"]
[Source "ChessBase"]
[SourceDate "2006.11.23"]
[SourceVersion "1"]
[SourceVersionDate "2006.11.23"]
[SourceQuality "1"]

1. d4 c5 2. c3 cxd4 3. cxd4 d6 4. e3 Nf6 5. Nf3 g6 6. Be2 Bg7 7. Nc3 0-0 8. 0-0 Nc6 9. b3 a6 10. Bb2 Bd7 11. Rc1 b5 12. Nd2 Rc8 13. Bf3 Qb6 14. Nce4 Nb4 15. a3 Rxc1 16. Bxc1 Nc6 17. Nxf6+ Bxf6 18. Ne4 Bg7 19. Bb2 Rc8 20. Qe2 Na5 21. b4 Nc4 22. Bc1 Bf5 23. h3 Qc7 24. Qd1 Nb6 25. Qd2 Qc2 26. Ng3 Bd3 27. Re1 d5 28. Be2 Bxe2 29. Nxe2 Qxd2 30. Bxd2 Rc2 31. Bc1 Nc4 32. Nf4 e6 33. Nd3 a5 34. Kf1 Rc3 35. Rd1 a4 36. Ke2 Nxa3 37. Bxa3 Rxa3 38. Rc1 Rb3 39. Rc5 a3 40. Rxb5 Rb2+ 41. Kf3 Rd2 42. Nc5 a2 43. Ra5 h5 44. b5 Rb2 45. b6 Rxb6 46. Rxa2 Rb8 47. Ra7 Re8 48. Rd7 Bf6 49. Nd3 Rd8 50. Rb7 Rc8 51. g3 Rc3 52. Ke2 Kg7 53. Nc5 e5 54. dxe5 Rxc5 55. exf6+ Kxf6 56. Rb4 Rc4 57. Rb2 h4 58. g4 g5 59. Rd2 Ke5 60. Kf3 d4 61. exd4+ Rxd4 62. Re2+ Kf6 63. Re3 1/2-1/2

[Event "Dortmund3"]
[Site "Dortmund"]
[Date "2001.06.13"]
[Round "10"]
[White "Raskin, Vitaly"]
[Black "Noori, Mir Ahmad"]
[Result "1-0"]
[WhiteElo "1564"]
[BlackElo "1608"]
[PlyCount "112"]
[EventDate "2001.04.27"]
[EventType "tourn"]
[EventRounds "11"]
[EventCountry "GER"]
[SourceTitle "EXT 2007"]
[Source "ChessBase"]
[SourceDate "2006.11.23"]
[SourceVersion "1"]
[SourceVersionDate "2006.11.23"]
[SourceQuality "1"]

1. d4 d5 2. c4 e6 3. e3 Nf6 4. Nc3 Be7 5. Nf3 a6 6. a4 0-0 7. Bd3 dxc4 8. Bxc4 c5 9. 0-0 cxd4 10. exd4 Nbd7 11. Bg5 Nb6 12. Bd3 Nbd5 13. Rc1 Bd7 14. Bb1 Bc6 15. Ne5 Rc8 16. Nxc6 Rxc6 17. Qf3 Nxc3 18. bxc3 Nd5 19. Bxe7 Nxe7 20. Rfd1 Rc7 21. c4 b6 22. Qe4 g6 23. g3 Qd7 24. d5 exd5 25. cxd5 Rxc1 26. Rxc1 Re8 27. Re1 Kf8 28. Qd4 b5 29. d6 Ng8 30. Rxe8+ Qxe8 31. d7 Qd8 32. Ba2 Nf6 33. Qd6+ Kg7 34. a5 Qxd7 35. Qxa6 Qd2 36. Bb3 Qe1+ 37. Kg2 Qe4+ 38. Kh3 Qf3 39. Qxb5 Qxf2 40. Qc4 Qf5+ 41. Kg2 Ng4 42. Qd4+ Kg8 43. a6 Ne5 44. Qf4 Qxf4 45. gxf4 Nc6 46. Ba4 Na7 47. Kf3 Kf8 48. Ke4 Ke7 49. Kd5 Kd8 50. Kd6 h6 51. Bb3 f6 52. Ke6 g5 53. f5 g4 54. Kxf6 h5 55. Kg5 Ke7 56. f6+ Kf8 1-0

[Event "Dortmund3"]
[Site "Dortmund"]
[Date "2001.05.26"]
[Round "7"]
[White "Noori, Mir Ahmad"]
[Black "Haupt, Rainer"]
[Result "0-1"]
[WhiteElo "1608"]
[BlackElo "1730"]
[PlyCount "120"]
[EventDate "2001.04.27"]
[EventType "tourn"]
[EventRounds "11"]
[EventCountry "GER"]
[SourceTitle "EXT 2007"]
[Source "ChessBase"]
[SourceDate "2006.11.23"]
[SourceVersion "1"]
[SourceVersionDate "2006.11.23"]
[SourceQuality "1"]

1. d4 d5 2. e3 e6 3. Nf3 c5 4. b3 Nf6 5. Bb2 Bd7 6. Be2 b5 7. Nbd2 c4 8. a3 Nc6 9. b4 Bd6 10. c3 0-0 11. a4 a6 12. a5 Rc8 13. Qc2 e5 14. dxe5 Bxe5 15. Nxe5 Nxe5 16. Nf3 Qc7 17. Nxe5 Qxe5 18. 0-0 Bf5 19. Qd2 h5 20. Qd4 Qd6 21. Rad1 Rcd8 22. f3 Qe7 23. Bc1 Rfe8 24. Rfe1 Qe5 25. Bf1 Rd7 26. h3 Bc2 27. Qxe5 Rxe5 28. Rd4 Rde7 29. Kf2 g6 30. Be2 Kg7 31. g4 hxg4 32. hxg4 g5 33. Bd1 Bd3 34. Be2 Bc2 35. Bf1 Re8 36. Bg2 Bd3 37. Bd2 Nd7 38. e4 Nf6 39. Kg3 dxe4 40. fxe4 Bxe4 41. Bf3 Kg6 42. Rd6 R8e6 43. Rxe6 Rxe6 44. Be3 Bxf3 45. Kxf3 Nd5 46. Bd2 Rxe1 47. Bxe1 f5 48. Bd2 Nf6 49. gxf5+ Kxf5 50. Be1 g4+ 51. Ke3 Ne4 52. Kd4 g3 53. Bxg3 Nxg3 54. Kc5 Ne4+ 55. Kb6 Nxc3 56. Kxa6 Ke6 57. Kb7 Kd7 58. Kb6 Nd5+ 59. Kxb5 c3 60. Kc4 c2 0-1

[Event "Dortmund3"]
[Site "Dortmund"]
[Date "2001.05.18"]
[Round "5"]
[White "Noori, Mir Ahmad"]
[Black "Krueger, Georg"]
[Result "1/2-1/2"]
[WhiteElo "1608"]
[BlackElo "1757"]
[PlyCount "46"]
[EventDate "2001.04.27"]
[EventType "tourn"]
[EventRounds "11"]
[EventCountry "GER"]
[SourceTitle "EXT 2007"]
[Source "ChessBase"]
[SourceDate "2006.11.23"]
[SourceVersion "1"]
[SourceVersionDate "2006.11.23"]
[SourceQuality "1"]

1. d4 Nf6 2. Nf3 e6 3. e3 c5 4. b3 b6 5. Bb2 Bb7 6. Be2 Be7 7. Nbd2 0-0 8. 0-0 d6 9. c4 Ne4 10. Qc2 f5 11. Rad1 Qc7 12. dxc5 dxc5 13. Be5 Bd6 14. Nxe4 Bxe5 15. Neg5 Re8 16. Nxe5 Qxe5 17. Bf3 Bxf3 18. Nxf3 Qc7 19. Rd2 Nc6 20. Rfd1 Rad8 21. Qc3 Rxd2 22. Rxd2 h6 23. g3 Kf7 1/2-1/2

[Event "Dortmund ABC Aufstreber 14th"]
[Site "Dortmund"]
[Date "2000.11.10"]
[Round "7"]
[White "Noori, Mir Ahmad"]
[Black "Rochol, Juergen"]
[Result "1-0"]
[WhiteElo "1578"]
[BlackElo "1527"]
[PlyCount "85"]
[EventDate "2000.??.??"]
[EventType "tourn"]
[EventRounds "11"]
[EventCountry "GER"]
[SourceTitle "EXT 2003"]
[Source "ChessBase"]
[SourceDate "2002.11.25"]
[SourceVersion "1"]
[SourceVersionDate "2002.11.25"]
[SourceQuality "1"]

1. d4 Nf6 2. e3 d5 3. b3 Bg4 4. Nf3 e6 5. Be2 c5 6. Bb2 Nc6 7. 0-0 Bxf3 8. Bxf3 cxd4 9. Bxd4 Nxd4 10. Qxd4 Qd7 11. Nd2 b6 12. c4 Bc5 13. Qd3 0-0 14. cxd5 Rfd8 15. Rad1 exd5 16. Nb1 Rac8 17. Nc3 d4 18. Qb1 Qe7 19. exd4 Rxd4 20. Rfe1 Qd7 21. Ne4 Nxe4 22. Bxe4 g6 23. Bf3 Rd2 24. Rf1 Bxf2+ 25. Rxf2 Rxd1+ 26. Qxd1 Qxd1+ 27. Bxd1 Rc1 28. Rf1 f5 29. b4 Kg7 30. Bb3 Rc7 31. Rd1 h6 32. Rd6 g5 33. Be6 f4 34. Rd7+ Rxd7 35. Bxd7 Kf6 36. Kf2 a5 37. bxa5 bxa5 38. a4 Ke7 39. Bg4 Kf6 40. h3 Ke5 41. Kf3 Kf6 42. Bh5 Kf5 43. Be8 1-0

[Event "Dortmund ABC Aufstreber 14th"]
[Site "Dortmund"]
[Date "2000.11.03"]
[Round "6"]
[White "Gegner, Michael"]
[Black "Noori, Mir Ahmad"]
[Result "0-1"]
[WhiteElo "1556"]
[BlackElo "1578"]
[PlyCount "70"]
[EventDate "2000.??.??"]
[EventType "tourn"]
[EventRounds "11"]
[EventCountry "GER"]
[SourceTitle "EXT 2003"]
[Source "ChessBase"]
[SourceDate "2002.11.25"]
[SourceVersion "1"]
[SourceVersionDate "2002.11.25"]
[SourceQuality "1"]

1. e4 e6 2. d4 d6 3. f4 g6 4. Nf3 Bg7 5. e5 Ne7 6. Bd3 b6 7. c3 Bb7 8. Nbd2 a6 9. Ne4 Bxe4 10. Bxe4 d5 11. Bd3 Nd7 12. g4 c5 13. Ng5 h6 14. Nf3 Qc7 15. h4 h5 16. gxh5 Rxh5 17. Ng5 Nf5 18. Bxf5 exf5 19. Qe2 Nf8 20. b3 cxd4 21. Ba3 Qxc3+ 22. Kf2 Ne6 23. Nxe6 fxe6 24. Rac1 Qe3+ 25. Qxe3 dxe3+ 26. Kxe3 Kd7 27. Rc2 Rc8 28. Rxc8 Kxc8 29. Rc1+ Kd7 30. Bd6 Bh6 31. Rc7+ Kd8 32. Rh7 Bxf4+ 33. Kxf4 Rxh7 34. Kg5 Kd7 35. Bf8 Rh5+ 0-1